Closest capital acrostics- O capitals - Statistics

General Stats
  • This quiz has been taken 67 times
  • The average score is 15 of 18
Answer Stats
Hint Answer % Correct
S Stockholm
100%
O Ouagadougou
98%
O Oslo
95%
O Oslo
95%
O Ottawa
95%
O Ottawa
93%
W Washington
93%
L London
90%
A Accra
88%
U Ulaanbaatar
88%
T Tegucigalpa
83%
A Abuja
80%
D Dakar
73%
A Andorra la Vella
71%
G Gaborone
71%
A Amsterdam
61%
G Georgetown
61%
T Tallinn
46%
No matching quizzes found
Score Distribution
Percent of People with Each Score
Percentile by Number Answered
Your Score History
You have not taken this quiz